Loading...
Internationnal economics.
| Hovedforfatter: | |
|---|---|
| Format: | Printed Book |
| Udgivet: |
New Delhi
Atlantic
2009
|
| Fag: |
| LEADER | 00456nam a22001457a 4500 | ||
|---|---|---|---|
| 020 | |a 9788126913251 | ||
| 082 | |a 382 |b GUP/I | ||
| 100 | |a Gupta,K.R. | ||
| 245 | |a Internationnal economics. | ||
| 260 | |a New Delhi |b Atlantic |c 2009 | ||
| 300 | |a 576p. | ||
| 650 | |a Inteernational Econmic Relations | ||
| 942 | |c BK | ||
| 999 | |c 34528 |d 34528 | ||
| 952 | |0 0 |1 0 |4 0 |6 382_000000000000000_GUPI |7 0 |8 Stack |9 36533 |a KUCL |b KUCL |c Stack |d 2015-09-03 |g 995.00 |l 0 |o 382 GUP/I |p 31882 |r 2015-09-03 |y BK | ||